| 000 | 00509cam a22001457a 4500 | ||
|---|---|---|---|
| 008 | 180718b1958 xxu||||| |||| 00| 0 eng d | ||
| 082 | _aK93134 Su84 | ||
| 100 | _aWinnicot, D. W. | ||
| 245 |
_aPsycho-analysis and contemporary thought _cby D. W. Winnicott...[et. al.]; edited by John D. Sutherland |
||
| 260 |
_aLondon _bHogarth _c1958 |
||
| 300 | _a149p. | ||
| 440 | _aInternational psycho-analytical library, no.53; edited by John D. Sutherland | ||
| 650 | _aPsycho-analysis | ||
| 700 | _aSutherland, John D. | ||
| 999 |
_c433159 _d433159 |
||